| Tag |
First Indicator |
Second Indicator |
Subfields |
| LEADER |
00000pam a2200000 a 4500 |
| 001 |
in00000336117 |
| 005 |
20151011053832.0 |
| 008 |
820610s1982 enka b 10000 eng |
| 010 |
|
|
|a 82009732
|
| 020 |
|
|
|a 0521247322
|
| 035 |
|
|
|a (OCoLC)08553598
|
| 035 |
|
|
|9 ABL8457AM
|
| 039 |
0 |
|
|a 2
|b 3
|c 3
|d 3
|e 3
|
| 040 |
|
|
|a DLC
|c DLC
|d TXA
|d UtOrBLW
|
| 049 |
|
|
|a TXAM
|c 1 [1363595], 2 [1000784]
|
| 050 |
0 |
0 |
|a QC178
|b Q38 1982
|
| 082 |
0 |
|
|a 530.1
|2 19
|
| 245 |
0 |
0 |
|a Quantum structure of space and time :
|b proceedings Nuffield workshop, Imperial College, London, 3-21 August, 1981 /
|c edited by M.J. Duff and C.J. Isham.
|
| 264 |
|
1 |
|a Cambridge [Cambridgeshire] ;
|a New York :
|b Cambridge University Press,
|c 1982.
|
| 300 |
|
|
|a xiii, 432 pages :
|b illustrations ;
|c 24 cm.
|
| 336 |
|
|
|a text
|b txt
|2 rdacontent
|
| 337 |
|
|
|a unmediated
|b n
|2 rdamedia
|
| 338 |
|
|
|a volume
|b nc
|2 rdacarrier
|
| 504 |
|
|
|a Includes bibliographies.
|
| 650 |
|
0 |
|a Quantum gravity
|v Congresses.
|
| 650 |
|
0 |
|a Supergravity
|v Congresses.
|
| 650 |
|
0 |
|a Cosmology
|v Congresses.
|
| 650 |
|
0 |
|a Space and time
|v Congresses.
|
| 700 |
1 |
|
|a Duff, M. J.
|
| 700 |
1 |
|
|a Isham, C. J.
|
| 999 |
|
|
|a MARS
|
| 999 |
f |
f |
|s a0298939-3692-3c13-af7f-f8c05141814b
|i 192a96ca-0c8e-3eed-8933-518b1335e6ea
|t 0
|
| 952 |
f |
f |
|p ric
|a Texas A&M University
|b Rellis Campus
|c Joint Library Facility
|s JLF
|d Remote Storage
|t 0
|e QC178 Q38 1982
|h Library of Congress classification
|i unmediated -- volume
|m A14807390990
|
| 998 |
f |
f |
|a QC178 Q38 1982
|t 0
|l Remote Storage
|